000 00327nam a2200109Ia 4500
008 171211s9999 xx 000 0 und d
245 _aFrame by Frame: The Guide to Non-Traditional Animation Techniques
245 _cTom Gasek
260 _c2011
650 _xDrawing
856 _uhttp://down.ebook777.com/001/978-0240817286.pdf
999 _c348050
_d348050